[Event "20th HZ Open 2016"]
[Site "Vlissingen NED"]
[Date "2016.08.08"]
[Round "4.49"]
[White "Grochal, Joey"]
[Black "Van de Groep, William"]
[Result "1-0"]
[WhiteElo "2196"]
[BlackElo "1980"]
[WhiteFideId "1019945"]
[BlackFideId "1009583"]
[EventDate "2016.08.06"]

1. d4 e6 2. e4 d5 3. Nc3 Nf6 4. e5 Nfd7 5. f4 c5 6. Nf3 Nc6 7. Be3 cxd4 8. Nxd4
Bc5 9. Qd2 O-O 10. O-O-O Nxd4 11. Bxd4 a6 12. Qe3 Qc7 13. Bd3 Bxd4 14. Qxd4 b5
15. Ne4 f6 16. Nd6 b4 17. Qe3 Nc5 18. Kb1 a5 19. Qh3 Nxd3 20. cxd3 fxe5 21. fxe5
Bd7 22. Rc1 Qb6 23. Qh4 a4 24. Qe7 Ra7 25. Rhf1 Rf2 26. Rc8+ Bxc8 27. Qe8+ Rf8
28. Qxf8# 1-0

[Event "20th HZ Open 2016"]
[Site "Vlissingen NED"]
[Date "2016.08.08"]
[Round "4.50"]
[White "Van Kessel, Wessel"]
[Black "Woudsma, Martijn"]
[Result "1-0"]
[WhiteElo "2007"]
[BlackElo "2191"]
[WhiteFideId "233404"]
[BlackFideId "1008889"]
[EventDate "2016.08.06"]

1. e4 g6 2. d4 Bg7 3. Nc3 d6 4. f4 a6 5. Nf3 b5 6. Bd3 Nd7 7. Ne2 c5 8. c3 Bb7
9. O-O Ngf6 10. e5 Nd5 11. Ng3 Qb6 12. exd6 O-O-O 13. dxe7 Rde8 14. Be4 Rxe7 15.
Bxd5 Bxd5 16. dxc5 Qxc5+ 17. Kh1 h5 18. h4 Rhe8 19. Bd2 Nf6 20. Ne5 Rxe5 21.
fxe5 Ng4 22. c4 bxc4 23. Qa4 Rxe5 24. Rac1 Re6 25. Rxf7 Re7 26. Qxa6+ Kb8 27.
Bf4+ Be5 28. Rf8+ Kc7 29. Rc8+ Kd7 30. Rxc5 Bxf4 31. Rxd5+ Ke8 32. Qxg6+ Rf7 33.
Qg8+ Ke7 34. Qd8+ Ke6 35. Re1+ Ne3 36. Rxe3+ Bxe3 37. Qd6# 1-0

[Event "20th HZ Open 2016"]
[Site "Vlissingen NED"]
[Date "2016.08.09"]
[Round "5.13"]
[White "Hausrath, Daniel"]
[Black "Muehlenhaus, Sven"]
[Result "1-0"]
[WhiteTitle "GM"]
[BlackTitle "FM"]
[WhiteElo "2487"]
[BlackElo "2262"]
[WhiteFideId "4617495"]
[BlackFideId "4671546"]
[EventDate "2016.08.06"]

1. Nf3 Nf6 2. g3 d5 3. Bg2 c6 4. O-O Bg4 5. d4 Nbd7 6. Nbd2 e6 7. Re1 Be7 8. e4
O-O 9. c3 dxe4 10. Nxe4 Nxe4 11. Rxe4 Bxf3 12. Bxf3 Bg5 13. Bxg5 Qxg5 14. Qb3
Rab8 15. Qa3 a5 16. Rae1 Qd8 17. Rh4 Nf6 18. Re5 Ra8 19. Qb3 Qc7 20. a4 Rfd8 21.
Qc2 g6 22. Qc1 Nd7 23. Re1 Nf8 24. Qg5 Rd7 25. Rf4 Qd8 26. Qh6 Rd6 27. h4 Nd7
28. Rfe4 Nf6 29. Re5 Nd7 30. R5e2 Qf6 31. Kg2 Nb6 32. h5 Nxa4 33. Rh1 Rdd8 34.
hxg6 hxg6 35. Be4 Qg7 36. Qg5 Nb6 37. Rh6 Kf8 38. Bxg6 Nd5 39. Qh4 Qf6 40. Qh5
Ke7 41. Bxf7 1-0

[Event "20th HZ Open 2016"]
[Site "Vlissingen NED"]
[Date "2016.08.09"]
[Round "5.14"]
[White "Bezemer, Arno"]
[Black "Stany, G.A."]
[Result "0-1"]
[WhiteTitle "FM"]
[BlackTitle "IM"]
[WhiteElo "2315"]
[BlackElo "2476"]
[WhiteFideId "1001396"]
[BlackFideId "5029104"]
[EventDate "2016.08.06"]

1. d4 Nf6 2. c4 g6 3. Nc3 d5 4. cxd5 Nxd5 5. Bd2 Nb6 6. e4 Bg7 7. Be3 O-O 8. Bb5
Nc6 9. Nge2 Na5 10. b3 f5 11. Rc1 fxe4 12. Nxe4 Nd5 13. Bd2 a6 14. Bd3 Nc6 15.
O-O Bg4 16. f3 Bf5 17. g4 Bc8 18. Bc4 Nxd4 19. Bg5 Nxe2+ 20. Qxe2 c6 21. Nf2 Kh8
22. Rfe1 b5 23. Bd3 Qd7 24. h4 Qc7 25. Kg2 Bf6 26. Bh6 Nf4+ 27. Bxf4 Qxf4 28. g5
Bd4 29. Qe4 e5 30. Qxf4 Rxf4 31. Re4 Rf7 32. Ng4 Bf5 33. Nh6 Rff8 34. Nxf5 gxf5
35. Re2 c5 36. Kh3 Kg7 37. Rg2 Kg6 38. Kg3 Rad8 39. Be2 Be3 40. Rd1 Rd4 41. Rxd4
cxd4 42. Bd3 Re8 43. Rc2 Re6 44. Rc8 Bf4+ 45. Kg2 e4 46. fxe4 fxe4 47. Rc6 Bd6
48. Bxe4+ Rxe4 49. Rxd6+ Kf5 50. Rxa6 Rxh4 51. Kf3 Rh3+ 52. Ke2 Kxg5 53. Rd6
Rh2+ 54. Kf3 d3 55. Rxd3 Rh3+ 56. Ke4 Rxd3 57. Kxd3 b4 58. a4 bxa3 59. Kc2 a2 0-1

[Event "20th HZ Open 2016"]
[Site "Vlissingen NED"]
[Date "2016.08.09"]
[Round "5.15"]
[White "Reinhardt, Bernd"]
[Black "Debashis, Das"]
[Result "1/2-1/2"]
[BlackTitle "GM"]
[WhiteElo "2246"]
[BlackElo "2459"]
[WhiteFideId "4606043"]
[BlackFideId "5024854"]
[EventDate "2016.08.06"]

1. d4 Nf6 2. Nf3 e6 3. c3 b6 4. Bf4 Bb7 5. e3 Be7 6. h3 O-O 7. Nbd2 c5 8. Bd3
Nc6 9. dxc5 bxc5 10. Qe2 a5 11. O-O Re8 12. Rfd1 h6 13. Bh2 Bf8 14. Rac1 d5 15.
c4 Qb6 16. a3 d4 17. Ne4 Nxe4 18. Bxe4 dxe3 19. fxe3 Rad8 20. Bc2 g6 21. Ba4 Bg7
22. b3 Ba8 23. Rc2 e5 24. Rxd8 Qxd8 25. Rd2 Qf6 26. Rd5 e4 27. Nd2 Qc3 28. Nf1
Re6 29. Qd2 Qa1 30. Rd6 Rxd6 31. Bxd6 Nd4 32. Bxc5 Nf5 33. Kf2 Bf6 34. g3 Kg7
35. Bd7 Bc3 36. Qe2 Nd4 37. Bxd4+ Bxd4 38. Qd2 Bc3 39. Qd6 Qb2+ 40. Kg1 Qxb3 41.
Bb5 Qb2 42. Be8 Qb7 43. Bd7 Qb3 44. Bb5 Qb2 45. a4 Bb7 46. Qd7 Bc8 47. Qxc8 Be1
48. c5 Qf2+ 49. Kh1 Qf3+ 1/2-1/2

[Event "20th HZ Open 2016"]
[Site "Vlissingen NED"]
[Date "2016.08.09"]
[Round "5.16"]
[White "Praveen, Kumar C"]
[Black "Admiraal, Miguoel"]
[Result "1/2-1/2"]
[WhiteTitle "IM"]
[BlackTitle "IM"]
[WhiteElo "2242"]
[BlackElo "2458"]
[WhiteFideId "5007372"]
[BlackFideId "1019716"]
[EventDate "2016.08.06"]

1. d4 e6 2. c4 b6 3. Nc3 Bb7 4. Nf3 Bb4 5. g3 f5 6. Bg2 Nf6 7. O-O O-O 8. Qc2 a5
9. Rd1 Na6 10. a3 Bxc3 11. Qxc3 Be4 12. b4 axb4 13. axb4 c6 14. Rd2 Qc8 15. Rda2
Qb7 16. Bf4 Nc7 17. Rxa8 Rxa8 18. Bxc7 Rxa1+ 19. Qxa1 Bxf3 20. Bxf3 1/2-1/2

[Event "20th HZ Open 2016"]
[Site "Vlissingen NED"]
[Date "2016.08.09"]
[Round "5.17"]
[White "Stillger, Bernhard"]
[Black "Venkatesh, M.R."]
[Result "0-1"]
[WhiteTitle "FM"]
[BlackTitle "GM"]
[WhiteElo "2235"]
[BlackElo "2450"]
[WhiteFideId "4610768"]
[BlackFideId "5005779"]
[EventDate "2016.08.06"]

1. d4 Nf6 2. c4 g6 3. Nc3 Bg7 4. e4 d6 5. Nf3 O-O 6. Be2 e5 7. O-O Nc6 8. dxe5
dxe5 9. Bg5 Qxd1 10. Rfxd1 h6 11. Be3 Kh7 12. h3 Be6 13. b4 Nd7 14. b5 Na5 15.
Nd5 Rfc8 16. Bd2 b6 17. Bb4 Nb7 18. Nd2 Nbc5 19. Bg4 f5 20. Bf3 Rab8 21. Ne7 Re8
22. Nc6 Ra8 23. Bc3 Na4 24. Rac1 Nxc3 25. Rxc3 a6 26. Nb4 a5 27. Nc6 Nc5 28. Re3
f4 29. Rc3 a4 30. Bg4 Bf7 31. h4 h5 32. Bh3 Bf6 33. g3 Be6 34. Bxe6 Rxe6 35. Nb4
fxg3 36. fxg3 g5 37. Nd5 Rg8 38. Rf1 Bd8 39. Rf7+ Kh6 40. hxg5+ Bxg5 41. Nf1
Nxe4 42. Ra3 Bc1 43. Raf3 h4 44. Ne7 Rg4 45. Nf5+ Kg5 46. Nxh4 Nxg3 47. Rxg3
Kxh4 48. Rxg4+ Kxg4 49. Rxc7 Kf3 50. Rc6 Re7 51. Rf6+ Bf4 52. Nd2+ Ke2 53. Ne4
Rg7+ 54. Kh1 Kd3 55. Nd6 Rh7+ 56. Kg1 Be3+ 57. Kg2 Bd4 58. Nc8 Rg7+ 59. Kh3 Rb7
60. Rc6 e4 0-1

[Event "20th HZ Open 2016"]
[Site "Vlissingen NED"]
[Date "2016.08.09"]
[Round "5.18"]
[White "Afek, Yochanan"]
[Black "Beerdsen, Thomas"]
[Result "0-1"]
[WhiteTitle "IM"]
[BlackTitle "FM"]
[WhiteElo "2237"]
[BlackElo "2424"]
[WhiteFideId "2800462"]
[BlackFideId "1030108"]
[EventDate "2016.08.06"]

1. e4 e5 2. Nf3 Nc6 3. Nc3 Nf6 4. d4 exd4 5. Nxd4 Bb4 6. Nxc6 bxc6 7. Bd3 d5 8.
exd5 cxd5 9. O-O O-O 10. h3 c6 11. Qf3 Rb8 12. Ne2 Bd6 13. Nd4 Qb6 14. Nf5 Bxf5
15. Qxf5 Rfe8 16. b3 g6 17. Qf3 Nd7 18. Bh6 Re6 19. c3 Rbe8 20. Bc2 a5 21. Qd1
Bc5 22. Bd3 Ne5 23. Bc2 Qd8 24. Bf4 Qh4 25. Bh2 Rf6 26. Qd2 Ree6 27. Rad1 Rf3
28. Kh1 Rxf2 29. Rxf2 Qxf2 30. Qxf2 Bxf2 31. Bg1 Bxg1 32. Kxg1 Rd6 33. Kf2 c5
34. Ke3 Nc6 35. Kd3 f5 36. Re1 Kf7 37. Bd1 Re6 38. Rf1 Ne5+ 39. Kc2 Ke7 40. Rf4
Nc6 41. Bf3 Kd6 42. Kd2 Re7 43. Ra4 Ra7 44. a3 Rb7 45. Kc2 g5 46. Bh5 Re7 47.
Kd2 Re4 48. c4 dxc4 49. bxc4 Ne5 50. Be2 Rxe2+ 51. Kxe2 Nc6 52. g3 h5 53. Kf2
Ke5 54. Ke3 f4+ 55. gxf4+ gxf4+ 56. Kf3 Kf5 57. h4 Ke5 58. Kf2 Ke4 59. Ke2 f3+
60. Kf2 Kf4 0-1

[Event "20th HZ Open 2016"]
[Site "Vlissingen NED"]
[Date "2016.08.09"]
[Round "5.19"]
[White "Docx, Stefan"]
[Black "Bluhm, Sonja Maria"]
[Result "1/2-1/2"]
[WhiteTitle "IM"]
[BlackTitle "WFM"]
[WhiteElo "2420"]
[BlackElo "2235"]
[WhiteFideId "200778"]
[BlackFideId "24654027"]
[EventDate "2016.08.06"]

1. d4 d5 2. c4 c6 3. cxd5 cxd5 4. Bf4 Nf6 5. e3 Nc6 6. Bd3 e6 7. Nc3 Bd6 8. Bxd6
Qxd6 9. f4 a6 10. Nf3 b5 11. Rc1 Bb7 12. Ne5 O-O 13. g4 Qb4 14. g5 Ne4 15. Bxe4
dxe4 16. Nd7 Rfd8 17. Ne5 Nxe5 18. fxe5 Qxb2 19. O-O Rac8 20. Ne2 Rxc1 21. Nxc1
Rc8 22. Nb3 Rc2 23. Qg4 Rxh2 24. Qg3 Rc2 25. Nc5 Bd5 26. Qf4 Kh8 27. Qh4 Rc1 28.
g6 Rxf1+ 29. Kxf1 Bc4+ 30. Kg1 Qc1+ 31. Kh2 Qd2+ 32. Kh1 Qc1+ 33. Kh2 1/2-1/2

[Event "20th HZ Open 2016"]
[Site "Vlissingen NED"]
[Date "2016.08.09"]
[Round "5.20"]
[White "Balje, Jan"]
[Black "Sukandar, Irine Kharisma"]
[Result "0-1"]
[BlackTitle "IM"]
[WhiteElo "2219"]
[BlackElo "2418"]
[WhiteFideId "1004085"]
[BlackFideId "7101937"]
[EventDate "2016.08.06"]

1. d4 Nf6 2. c4 e6 3. g3 d5 4. Nf3 dxc4 5. Bg2 Bd7 6. Ne5 Bc6 7. Nxc6 Nxc6 8. e3
Qd7 9. Nc3 O-O-O 10. O-O h5 11. b3 Bb4 12. Bb2 e5 13. bxc4 exd4 14. exd4 Bxc3
15. Bxc3 Nxd4 16. Rb1 c6 17. Re1 Qg4 18. Bxd4 Qxd4 19. Qxd4 Rxd4 20. Re7 Nd7 21.
Bh3 b6 22. c5 bxc5 23. Rxf7 g5 24. Bf5 Kc7 25. Bxd7 Rxd7 26. Rxd7+ Kxd7 27. Kf1
Re8 28. Rb7+ Kd6 29. Rxa7 c4 30. Ra3 Kd5 31. Re3 Ra8 32. a3 Kd4 33. Ke2 c3 34.
Kd1 Rxa3 35. Kc2 Ra2+ 36. Kb3 Rb2+ 0-1

[Event "20th HZ Open 2016"]
[Site "Vlissingen NED"]
[Date "2016.08.09"]
[Round "5.21"]
[White "Koop, Thorben"]
[Black "Lacrosse, Marc"]
[Result "1-0"]
[WhiteTitle "IM"]
[BlackTitle "FM"]
[WhiteElo "2412"]
[BlackElo "2225"]
[WhiteFideId "24661619"]
[BlackFideId "200921"]
[EventDate "2016.08.06"]

1. e4 e5 2. Nf3 Nc6 3. Bb5 a6 4. Ba4 Nf6 5. d3 b5 6. Bb3 Bc5 7. O-O h6 8. h3 O-O
9. Re1 d6 10. Nbd2 Na5 11. Nf1 Re8 12. Ng3 Nxb3 13. axb3 d5 14. exd5 Qxd5 15.
Ne4 Nxe4 16. dxe4 Qxd1 17. Rxd1 Bb7 18. Re1 Rad8 19. Be3 Bb4 20. c3 Bf8 21. Nd2
Bc5 22. Rad1 Bxe3 23. Rxe3 Rd6 24. Kf1 Red8 25. Ke1 c5 26. Re2 Bc8 27. Rc1 Be6
28. f3 f6 29. c4 Rb8 30. cxb5 Rxb5 31. Rc3 Rdb6 32. Ree3 Kf7 33. Kd1 Ke7 34. Kc2
Rb7 35. Re1 c4 36. Nxc4 Bxc4 37. Rxc4 Rxb3 38. Rc7+ Kd6 39. Rxb7 Rxb7 40. Re3
Rc7+ 41. Kb3 Rb7+ 42. Ka3 Rb5 43. Re2 Kc6 44. b3 Kb6 45. Rd2 Ra5+ 46. Kb2 Kc7
47. g4 Rb5 48. h4 Ra5 49. g5 hxg5 50. hxg5 Rb5 51. Rh2 Rb7 52. Rh7 Kc6 53. g6
Kd6 54. Rh8 f5 55. exf5 Ke7 56. Kc3 Rc7+ 57. Kd3 Kf6 58. Ke4 Rb7 59. Rf8+ Kg5
60. Kxe5 1-0

[Event "20th HZ Open 2016"]
[Site "Vlissingen NED"]
[Date "2016.08.09"]
[Round "5.22"]
[White "Brouwer, Dennis"]
[Black "Nitin, S."]
[Result "0-1"]
[BlackTitle "IM"]
[WhiteElo "2217"]
[BlackElo "2398"]
[WhiteFideId "1018060"]
[BlackFideId "5018277"]
[EventDate "2016.08.06"]

1. e4 c5 2. Nf3 d6 3. d4 cxd4 4. Nxd4 Nf6 5. Nc3 a6 6. Be2 e5 7. Nb3 Be7 8. Bg5
O-O 9. Bxf6 Bxf6 10. Qd3 Be6 11. Rd1 Be7 12. O-O Nd7 13. Nd5 Bxd5 14. Qxd5 b5
15. Qd2 Qc7 16. c4 Nf6 17. Qd3 Qb7 18. Bf3 bxc4 19. Qxc4 a5 20. Rd2 a4 21. Nc1
Rfc8 22. Qd3 Qb4 23. a3 Qa5 24. Re2 Nd7 25. Na2 Nc5 26. Qb1 Nb3 27. Nb4 Bg5 28.
Bg4 Rc4 29. Rd1 Nd4 30. Ree1 g6 31. Qd3 Rc5 32. g3 h5 33. Bh3 Qa7 34. Kh1 Bf6
35. Rf1 Bg7 36. Rc1 Rb8 37. Rc4 Qb7 38. Nd5 Qxb2 39. Rxa4 Rc2 40. Kg2 Rb3 41.
Ra8+ Kh7 42. Qd1 Rd2 43. Qe1 Re2 44. Qd1 Rf3 45. Qxd4 Qxd4 46. Kxf3 Qxe4# 0-1

[Event "20th HZ Open 2016"]
[Site "Vlissingen NED"]
[Date "2016.08.09"]
[Round "5.23"]
[White "Van Foreest, Lucas"]
[Black "Grochal, Joey"]
[Result "1-0"]
[WhiteElo "2393"]
[BlackElo "2196"]
[WhiteFideId "1039792"]
[BlackFideId "1019945"]
[EventDate "2016.08.06"]

1. e4 c5 2. Nf3 e6 3. b3 Nf6 4. e5 Nd5 5. c4 Ne7 6. Bb2 Nbc6 7. Nc3 Nf5 8. Ne4
d5 9. exd6 Bxd6 10. b4 Nxb4 11. g4 Nd4 12. Nxd4 cxd4 13. Bxd4 O-O 14. g5 e5 15.
Bc3 Bf5 16. Qb1 Bxe4 17. Qxe4 Nc6 18. Bd3 g6 19. h4 Bb4 20. Bb2 Qd6 21. h5 Rad8
22. Rh3 Rd7 23. Rb1 Qe6 24. Qh4 e4 25. Be2 Bxd2+ 26. Kf1 Bxg5 27. Qg3 Bf4 28.
Qh4 Be5 29. Ba3 Rfd8 30. hxg6 fxg6 31. Bg4 Qxc4+ 32. Kg2 Rf7 33. Rc1 Qxa2 34.
Rxc6 Qxf2+ 35. Qxf2 Rxf2+ 36. Kxf2 bxc6 37. Rb3 Bd4+ 38. Ke2 c5 39. Rb7 Rf8 40.
Be6+ Kh8 41. Bf7 a5 42. Bc1 a4 43. Ra7 Rb8 44. Rxa4 Kg7 45. Ra7 e3 46. Bc4+ Kh8
47. Re7 h5 48. Bxe3 Bxe3 49. Kxe3 Rd8 50. Rc7 Rd6 51. Bd3 Kg8 52. Bc2 Rf6 53.
Ke4 Rf5 54. Bb3+ Kf8 55. Be6 Rf2 56. Ke5 Rf1 57. Bd5 Rf2 58. Ke6 Rf4 59. Ke5 Rf2
60. Be4 h4 61. Rh7 Rf1 62. Rxh4 Kg7 63. Rg4 Rf6 64. Rg1 Rb6 65. Rc1 Rb8 66. Rxc5
Re8+ 67. Kf4 Kf6 68. Bd3 Re7 69. Bc4 g5+ 70. Kf3 Rg7 71. Kg4 Ke7 72. Rc6 Kd7 73.
Ra6 Ke7 74. Bd5 Kd8 75. Ra8+ Ke7 76. Rb8 Kf6 77. Re8 Re7 78. Ra8 Rg7 79. Be4 Ke5
80. Re8+ Kf6 81. Bf5 Re7 82. Rf8+ Rf7 83. Rb8 Rg7 84. Rb5 Rg8 85. Rb4 Rg7 86.
Ra4 Rg8 87. Re4 Rg7 88. Re6+ Kf7 89. Rb6 Ke7 90. Re6+ Kf7 91. Ra6 Ke7 92. Be6
Rg6 93. Kf5 Rf6+ 94. Ke5 Rf1 95. Ra7+ Kf8 96. Bf5 Ke8 97. Kf6 Kd8 98. Rd7+ Ke8
99. Rc7 Rd1 100. Rc2 Rd4 101. Ke6 Kf8 102. Rc8+ Kg7 103. Rc7+ Kf8 104. Bg6 Kg8
105. Kf6 Rd6+ 106. Kxg5 Kf8 107. Kf5 Rd2 108. Ke6 Rd1 109. Bf5 Rd2 110. Kf6 Ke8
111. Rc1 Rd4 112. Be6 Rf4+ 113. Ke5 Rf2 114. Kd6 Rd2+ 115. Bd5 Kd8 116. Rb1 Kc8
117. Ra1 Rb2 118. Ra8+ Rb8 119. Ra7 Rb5 120. Bc6 Rb2 121. Rh7 Rd2+ 122. Bd5 Kb8
123. Rb7+ Kc8 124. Rb1 Rd3 125. Rh1 Kb8 126. Rh8+ Ka7 127. Kc5 Rc3+ 128. Kb5 Rc8
129. Rh7+ Kb8 130. Rb7+ Ka8 131. Ka4 Rc6 132. Rh7 1-0

[Event "20th HZ Open 2016"]
[Site "Vlissingen NED"]
[Date "2016.08.09"]
[Round "5.24"]
[White "Luft, Dennis"]
[Black "Van Delft, Merijn"]
[Result "0-1"]
[BlackTitle "IM"]
[WhiteElo "2190"]
[BlackElo "2391"]
[WhiteFideId "24623717"]
[BlackFideId "1004670"]
[EventDate "2016.08.06"]

1. e4 c5 2. Be2 b6 3. f4 Bb7 4. d3 g6 5. Nf3 Bg7 6. c3 c4 7. Nbd2 cxd3 8. Bxd3
d6 9. O-O Nf6 10. Qe1 O-O 11. Qh4 e6 12. g4 Nbd7 13. g5 Nc5 14. e5 Nfd7 15. Bc4
dxe5 16. fxe5 Qc7 17. b4 Na4 18. Nd4 Nxe5 19. Bb3 Qxc3 20. Bxa4 Qxa1 21. Ne2 Nd3 0-1

[Event "20th HZ Open 2016"]
[Site "Vlissingen NED"]
[Date "2016.08.09"]
[Round "5.25"]
[White "Goormachtigh, Johan"]
[Black "Rosen, Eric S"]
[Result "0-1"]
[WhiteTitle "FM"]
[BlackTitle "IM"]
[WhiteElo "2171"]
[BlackElo "2385"]
[WhiteFideId "200280"]
[BlackFideId "2032562"]
[EventDate "2016.08.06"]

1. d4 Nf6 2. c4 e6 3. Nf3 d5 4. Nc3 Nbd7 5. cxd5 exd5 6. Bg5 Be7 7. e3 O-O 8.
Bd3 c6 9. Qc2 Re8 10. h3 Ne4 11. Bxe4 dxe4 12. Nxe4 Qa5+ 13. Kf1 Bf8 14. Nc3 b5
15. Bf4 b4 16. Na4 c5 17. Nxc5 Nxc5 18. dxc5 Bxc5 19. Kg1 Bb7 20. Kh2 Rac8 21.
Qb3 Qb5 22. Ne5 Re6 23. Rac1 Qe2 24. Rc2 Qh5 25. Rxc5 Rxc5 26. Qxb4 Rc7 27. Rc1
Rxc1 28. Qxb7 f6 29. Qd5 Qe8 30. Nf3 Qc6 31. Qb3 Qb6 32. Qd5 Qc6 33. Qb3 Qc4 34.
Qb8+ Qc8 35. Qxa7 Kh8 36. Nd4 Ra6 37. Qe7 Rd1 38. a4 Ra8 39. b3 Qc1 40. Ne6 Rg8
41. Qb7 Rh1+ 42. Kg3 Qc2 43. Nd4 Qg6+ 44. Kf3 Qh5+ 45. Ke4 Rd1 46. Bd6 Re8+ 47.
Kf4 Qh4+ 48. Kf3 Rd2 49. Bg3 Qh5+ 50. Kf4 g5+ 51. Kf5 Qg6+ 52. Kg4 h5+ 53. Kf3
g4+ 54. hxg4 Qxg4# 0-1

[Event "20th HZ Open 2016"]
[Site "Vlissingen NED"]
[Date "2016.08.09"]
[Round "5.26"]
[White "Sekandar, Kambiz"]
[Black "Warmerdam, Max"]
[Result "0-1"]
[BlackTitle "FM"]
[WhiteElo "2129"]
[BlackElo "2372"]
[WhiteFideId "11700939"]
[BlackFideId "1048104"]
[EventDate "2016.08.06"]

1. e4 e5 2. Nf3 Nc6 3. Bc4 Nf6 4. d3 h6 5. h3 d6 6. Nbd2 Na5 7. Bb3 Nxb3 8. axb3
Be7 9. Nf1 O-O 10. g4 h5 11. gxh5 Nh7 12. Rg1 Kh8 13. h4 Bxh4 14. Nxh4 Qxh4 15.
Qf3 f5 16. h6 g5 17. Rh1 fxe4 18. Qxf8+ Nxf8 19. Rxh4 gxh4 20. dxe4 Bg4 21. Nh2
Bh5 22. Be3 a6 23. Kd2 Ne6 24. Rh1 Rg8 25. Nf1 Rg4 26. Kd3 Nf4+ 27. Bxf4 Rxf4
28. Nd2 Kh7 29. Ke3 Kxh6 30. f3 c6 31. c4 Bf7 32. Nf1 d5 33. cxd5 cxd5 34. exd5
Bxd5 35. Nh2 Rb4 36. Kd2 Kh5 37. Re1 e4 38. Ng4 Rd4+ 39. Ke3 Rd3+ 40. Ke2 Rxf3
41. Ne3 Bc6 42. Rg1 Bb5+ 43. Kd2 Rg3 44. Rc1 h3 45. Rc8 Rf3 46. Rc5+ Kg6 0-1

[Event "20th HZ Open 2016"]
[Site "Vlissingen NED"]
[Date "2016.08.09"]
[Round "5.29"]
[White "Tikranian, Alik"]
[Black "Eisenbeiser, Amadeus"]
[Result "0-1"]
[BlackTitle "IM"]
[WhiteElo "2120"]
[BlackElo "2416"]
[WhiteFideId "1040952"]
[BlackFideId "4678338"]
[EventDate "2016.08.06"]

1. e4 d6 2. d4 Nf6 3. Nc3 e5 4. Nf3 Nbd7 5. Bc4 Be7 6. O-O O-O 7. a4 a6 8. h3 b6
9. Qe2 Bb7 10. dxe5 dxe5 11. Rd1 Qe8 12. Bg5 Bb4 13. Bxf6 Nxf6 14. Nd5 Nxd5 15.
Bxd5 c6 16. Bb3 Qe7 17. Rd3 Rad8 18. Rad1 Rxd3 19. Qxd3 Bc8 20. c3 Bc5 21. Ba2
a5 22. Bc4 h6 23. Qc2 Qf6 24. b4 Be7 25. Qe2 axb4 26. cxb4 Bxb4 27. Qb2 Bc5 28.
Qxe5 Qxe5 29. Nxe5 Be6 30. Bxe6 fxe6 31. Rd2 Ra8 32. Nd7 Rxa4 33. Nxc5 bxc5 34.
Rd6 Rxe4 35. Rxc6 Re1+ 36. Kh2 Re5 37. f4 Rf5 38. Rxe6 Rxf4 39. Rc6 Rc4 40. Kg3
h5 41. Kf3 h4 42. Ke3 Rc2 43. Kf3 Kh7 44. Kg4 Rxg2+ 45. Kxh4 Rc2 46. Kg3 c4 47.
Rc7 Rc1 48. Kg2 c3 49. Rc6 Kg8 50. Rc7 Kf8 51. Kh2 g6 52. Kg2 Ke8 53. Rg7 Rd1
54. Rc7 Rd3 55. h4 Kd8 56. Rc4 Kd7 57. Kf2 Kd6 58. Ke2 Rg3 59. h5 gxh5 60. Rh4
Rg5 61. Kd3 Rc5 62. Kc2 Ke6 63. Rf4 Ke5 64. Rf8 Ke4 65. Ra8 Ke3 0-1

[Event "20th HZ Open 2016"]
[Site "Vlissingen NED"]
[Date "2016.08.09"]
[Round "5.30"]
[White "Perske, Thore"]
[Black "Baarslag, Ed"]
[Result "1/2-1/2"]
[WhiteTitle "FM"]
[WhiteElo "2377"]
[BlackElo "2113"]
[WhiteFideId "12902195"]
[BlackFideId "1014285"]
[EventDate "2016.08.06"]

1. e4 c5 2. Nf3 e6 3. d4 cxd4 4. Nxd4 Nc6 5. Nc3 Qc7 6. Be3 Nf6 7. Be2 Be7 8.
Ndb5 Qb8 9. f4 d6 10. O-O a6 11. Nd4 Nxd4 12. Bxd4 e5 13. Be3 Be6 14. f5 Bd7 15.
Bc4 Bc6 16. Bg5 Qc7 17. Bxf6 Bxf6 18. Nd5 Bxd5 19. Bxd5 h5 20. Rf3 Rc8 21. Bb3
Qb6+ 22. Kh1 Qd4 23. c3 Qxd1+ 24. Rxd1 Ke7 25. Bd5 Rc7 26. Kg1 h4 27. Kf2 Bg5
28. Ke2 Bf4 29. Rh3 Bg5 30. a4 b6 31. Kd3 Rb8 32. Ra1 a5 33. Ke2 Rh8 34. Rb1 Rb8
35. Kd3 b5 36. axb5 Rxb5 37. Kc2 Rbc5 38. Ra1 Kf6 39. Ra4 g6 40. Rf3 gxf5 41.
Rxf5+ Kg6 42. Rf3 Bf4 43. g3 hxg3 44. hxg3 Bg5 45. Ra3 Rb5 46. Rb3 Rxb3 47. Kxb3
Bd8 48. Ka4 f6 49. g4 Rh7 50. Kb5 Kg5 51. Rf2 Kxg4 52. Rg2+ Kf4 53. Rg8 Be7 54.
Kxa5 f5 55. Rg1 fxe4 56. Rf1+ Ke3 57. Re1+ Kd2 58. Rxe4 Rh4 59. Kb5 Rxe4 60.
Bxe4 Ke3 61. Bd5 e4 62. Kc6 Kd3 63. Kd7 e3 64. Bf3 Bf8 65. Ke6 1/2-1/2

[Event "20th HZ Open 2016"]
[Site "Vlissingen NED"]
[Date "2016.08.09"]
[Round "5.31"]
[White "Stange, Sven"]
[Black "Berchtenbreiter, Maximilian"]
[Result "0-1"]
[BlackTitle "IM"]
[WhiteElo "2110"]
[BlackElo "2373"]
[WhiteFideId "203890"]
[BlackFideId "24641120"]
[EventDate "2016.08.06"]

1. d4 Nf6 2. c4 a6 3. Nf3 c5 4. dxc5 e6 5. Nc3 Bxc5 6. e3 O-O 7. Be2 d5 8. O-O
Nc6 9. b3 Re8 10. Bb2 Ba7 11. Qd2 Qa5 12. cxd5 exd5 13. Rfd1 Be6 14. Na4 Qd8 15.
Rac1 Ne4 16. Qe1 Qd6 17. Nc3 Nf6 18. Nb1 Ne4 19. Nbd2 Qe7 20. Nf1 Rac8 21. Nd4
Nxd4 22. Bxd4 Rxc1 23. Rxc1 Bxd4 24. exd4 Qf6 25. Bf3 Qxd4 26. Rd1 Qe5 27. Bxe4
dxe4 28. Qb4 Qb5 29. Qxb5 axb5 30. Rd4 f5 31. Rb4 Bd7 32. a4 Rc8 33. axb5 Rc1
34. g3 f4 0-1

[Event "20th HZ Open 2016"]
[Site "Vlissingen NED"]
[Date "2016.08.09"]
[Round "5.32"]
[White "Ducarmon, Renzo"]
[Black "Freeke, Matthieu"]
[Result "1/2-1/2"]
[BlackTitle "FM"]
[WhiteElo "2091"]
[BlackElo "2354"]
[WhiteFideId "1002279"]
[BlackFideId "1013459"]
[EventDate "2016.08.06"]

1. e4 e5 2. Nf3 Nc6 3. d4 exd4 4. Nxd4 Nf6 5. Nc3 Bb4 6. Nxc6 bxc6 7. Bd3 O-O 8.
O-O d5 9. exd5 cxd5 10. h3 Re8 11. Qf3 c6 12. Ne2 Ne4 13. Nd4 Bd7 14. c3 Bf8 15.
Re1 c5 16. Nf5 Qf6 17. Rxe4 dxe4 18. Bxe4 Rxe4 19. Nh6+ Kh8 20. Nxf7+ Kg8 21.
Nh6+ Kh8 22. Nf7+ 1/2-1/2

[Event "20th HZ Open 2016"]
[Site "Vlissingen NED"]
[Date "2016.08.09"]
[Round "5.33"]
[White "De Jong, Migchiel"]
[Black "Gutkind, Kedem"]
[Result "1/2-1/2"]
[WhiteTitle "IM"]
[WhiteElo "2342"]
[BlackElo "2068"]
[WhiteFideId "1002848"]
[BlackFideId "1046519"]
[EventDate "2016.08.06"]

1. e4 e6 2. d4 d5 3. Nc3 Nf6 4. Bg5 Be7 5. e5 Nfd7 6. Bxe7 Qxe7 7. f4 O-O 8. Nf3
c5 9. Qd2 a6 10. dxc5 Nc6 11. Bd3 Nxc5 12. O-O f5 13. exf6 Qxf6 14. g3 Bd7 15.
Rae1 Be8 16. Ne5 Nxd3 17. cxd3 Bg6 18. Nxc6 bxc6 19. d4 Bf5 20. Na4 h5 21. Nc5
Ra7 22. h4 Rb8 23. Re5 Qg6 24. Rf3 Rb5 25. Rfe3 Rxc5 26. dxc5 Rb7 27. b3 Rb5 28.
Qd4 a5 29. a3 Bg4 30. Qd3 Qxd3 31. Rxd3 Rxc5 32. Kf1 Rc2 33. Ree3 Rc1+ 34. Kf2
Rc2+ 35. Ke1 Bf5 36. Rc3 Ra2 37. Rxc6 Rxa3 38. Rb6 d4 39. Re5 Ra1+ 40. Kf2 d3
41. Rd6 a4 42. bxa4 Rxa4 43. Rd7 Ra2+ 44. Ke3 Rg2 45. Kf3 Ra2 46. Rb5 d2 47.
Rb8+ Kh7 48. Ke3 Ra3+ 49. Kxd2 Rxg3 50. Re7 Rg4 51. Rbb7 Rxf4 52. Rxg7+ Kh6 53.
Rg8 Rxh4 54. Rf7 Rg4 55. Rxg4 1/2-1/2